| 000 | 01069cam a2200265 a 4500 | ||
|---|---|---|---|
| 001 | 24016 | ||
| 005 | 20251028180042.0 | ||
| 010 | _a 83001590 | ||
| 020 | _a0374191654 : | ||
| 020 | _a0374191662 : | ||
| 040 |
_aDLC _cKE-NaSUL |
||
| 050 | 0 | 0 | _aPS3566.E6912L6 1983 |
| 051 |
_aPS3566.E6912L6 1983b _cAnother issue. [8], 262 p. Without leaf bearing limited-edition statement. |
||
| 090 |
_c24016 _d24016 |
||
| 100 | 1 |
_aPercy, Walker, _d1916-1990. _921959 |
|
| 245 | 1 | 0 |
_aLost in the cosmos : _bthe last self-help book / _cWalker Percy. |
| 260 |
_aNew York : _bFarrar, Straus & Giroux, _cc1983. |
||
| 300 |
_a[10], 262 p. ; _c22 cm. |
||
| 500 | _a"This edition, signed by the author, is limited to three hundred and fifty numbered copies"--Prelim. p. [1] | ||
| 590 | _aLC has signed, unnumbered copy, deposited for copyright. | ||
| 650 | 0 |
_aSelf-actualization (Psychology) _xHumor. _942272 |
|
| 856 | 4 | 2 |
_3Publisher description _uhttp://www.loc.gov/catdir/enhancements/fy0667/83001590-d.html |
| 906 |
_a7 _bcbc _corignew _d1 _eocip _f19 _gy-gencatlg |
||
| 942 |
_cBOOK _uEWM |
||
| 999 |
_c24016 _d24015 |
||